[Event "57.SMM Kaltern/Tramin-Gröden"]
[Site "?"]
[Date "2026.02.07"]
[Round "7.1"]
[White "Casadio, Niccolò"]
[Black "Bertagnolli, Alexander"]
[Result "1/2-1/2"]
[WhiteElo "2240"]
[BlackElo "2335"]
[PlyCount "93"]
[EventDate "2026.02.07"]

{[%evp 0,47,16,28,46,51,106,88,72,25,25,32,75,31,66,82,35,59,61,66,72,4,0,3,22,22,13,-17,-19,-25,-16,-58,0,-4,9,-2,23,-67,-18,-40,-44,-61,-14,-35,29,-46,-64,-83,-70,-116]} 1. e4 c5 2. Nf3 d6 3. d4 cxd4 4. Nxd4 Nf6 5. Nc3 a6 6. Qd3 b5 7. a4 b4 8. Nd5 e6 9. Nxf6+ Qxf6 10. g4 Bb7 11. Bg2 Nd7 12. g5 Qd8 13. a5 Nc5 14. Qe2 g6 15. Bd2 e5 16. Nb3 Nxb3 17. cxb3 Bc6 18. O-O Bb5 19. Qf3 Bxf1 20. Bxf1 d5 21. exd5 Bd6 22. h4 O-O 23. Ra4 f6 24. Bxb4 fxg5 25. Qg4 Rf5 26. Bd3 h5 27. Qh3 g4 28. Qe3 Rf4 29. Bxd6 Qxd6 30. Qb6 Rf6 31. Qxd6 Rxd6 32. Rc4 Rxd5 33. Bxg6 Rxa5 34. Bxh5 Rb8 35. Bxg4 Kf7 36. Rc7+ Kf6 37. Rc6+ Ke7 38. Be6 Rh8 39. Bc4 Rxh4 40. Rxa6 Rxa6 41. Bxa6 Rd4 42. Kg2 Kf6 43. Kf3 Rd2 44. Ke3 Rxb2 45. Bc4 Rb1 46. f4 exf4+ 47. Kxf4 1/2-1/2

[Event "57.SMM Kaltern/Tramin-Gröden"]
[Site "?"]
[Date "2026.02.07"]
[Round "7.2"]
[White "Lezzerini, Marco"]
[Black "Moroder, Stefan"]
[Result "1/2-1/2"]
[WhiteElo "2071"]
[BlackElo "2179"]
[PlyCount "94"]
[EventDate "2026.??.??"]

{[%evp 0,94,19,9,42,-10,0,7,4,17,17,25,25,38,20,18,30,27,34,37,33,44,45,-24,12,-12,0,-39,-51,-43,-49,-52,-48,-71,-47,-69,-61,-72,-74,-68,-63,-62,-62,-67,-60,-64,-71,-72,-51,-57,-48,-61,-47,-67,-54,-62,-52,-65,-52,-34,-17,-55,-65,-61,-57,-109,-79,-80,-65,-74,0,-85,51,0,0,0,0,0,-18,-18,-3,-21,0,0,-16,-18,-9,-36,-2,-2,17,17,28,13,32,19,1]} 1. d4 Nf6 2. c4 e6 3. Nc3 Bb4 4. Bd2 O-O 5. Nf3 b6 6. e3 Bb7 7. Bd3 Bxc3 8. Bxc3 Ne4 9. Bxe4 Bxe4 10. d5 c5 11. dxc6 dxc6 12. Qd4 Qxd4 13. Bxd4 c5 14. Bc3 Rd8 15. O-O Nc6 16. Ne5 Nxe5 17. Bxe5 f6 18. Bg3 Rd2 19. b3 Rad8 20. f3 Bc6 21. Be1 R2d3 22. Kf2 e5 23. Rc1 e4 24. Bc3 Kf7 25. Rfe1 Ke6 26. Ke2 h5 27. f4 Kf5 28. Red1 Kg4 29. Rd2 R8d7 30. Rdd1 h4 31. Rf1 R7d6 32. f5 Bd7 33. Rf4+ Kg5 34. Be1 h3 35. gxh3 Be8 36. Bc3 Bh5+ 37. Kf2 Rd1 38. h4+ Kh6 39. Rxd1 Rxd1 40. Rxe4 Rc1 41. Be1 Rc2+ 42. Kg3 Rxa2 43. Re7 Bd1 44. b4 Bb3 45. bxc5 bxc5 46. Rc7 Bxc4 47. Rxc5 Bd3 1/2-1/2

[Event "57.SMM Kaltern/Tramin-Gröden"]
[Site "?"]
[Date "2026.02.07"]
[Round "7.3"]
[White "Luciani, Valerio"]
[Black "Zucchelli, Massimo"]
[Result "1/2-1/2"]
[WhiteElo "2170"]
[BlackElo "2071"]
[PlyCount "80"]
[EventDate "2026.02.07"]

{[%evp 0,80,16,28,27,-16,-16,-9,0,-30,-23,-43,2,1,39,-6,29,10,35,30,31,21,43,34,46,4,-11,49,49,5,79,60,63,36,34,-18,1,-13,-10,-20,-37,-36,-17,-20,-20,-20,13,-11,-9,-72,-81,-106,-88,-89,-96,-77,-77,-66,-79,-96,-81,-151,-128,-124,-106,-104,-104,-128,-112,-227,0,0,0,0,0,0,0,0,0,0,0,0,0]} 1. d4 Nf6 2. c4 e6 3. Nc3 d5 4. cxd5 exd5 5. Bg5 c6 6. e3 Be7 7. Qc2 Nbd7 8. Bd3 O-O 9. Nge2 Re8 10. O-O Nf8 11. f3 Be6 12. e4 dxe4 13. fxe4 Ng4 14. Bxe7 Qxe7 15. Qd2 c5 16. d5 Bd7 17. Rf3 Ne5 18. Rg3 Nfg6 19. Rd1 a6 20. Bc2 Qd6 21. Rf1 Nc4 22. Qc1 Qe5 23. Rg5 Qe7 24. d6 Qxd6 25. Rd1 Qe7 26. Nd5 Qd8 27. Rg3 Nce5 28. h3 Rc8 29. b3 Qh4 30. Bb1 Bb5 31. Re3 Bxe2 32. Rxe2 c4 33. Rc2 b5 34. Ne3 Qg3 35. Nf5 Nf3+ 36. Kf1 Nh2+ 37. Kg1 Nf3+ 38. Kf1 Nh2+ 39. Kg1 Nf3+ 40. Kf1 Nh2+ 1/2-1/2

[Event "57.SMM Kaltern/Tramin-Gröden"]
[Site "Caldaro"]
[Date "2026.02.07"]
[Round "7.4"]
[White "Panjkovic, Aleksandar"]
[Black "Demetz, Rainer"]
[Result "1-0"]
[WhiteElo "2057"]
[BlackElo "2213"]
[PlyCount "73"]
[EventDate "2026.??.??"]

{[%evp 0,73,19,27,5,28,49,33,55,46,38,4,17,2,6,2,6,-11,-5,-30,14,2,16,18,6,4,32,3,22,21,-9,-9,-9,-26,-8,-30,-14,-31,-23,-78,-49,-36,38,60,89,67,149,180,145,145,145,168,146,153,209,69,69,50,106,51,40,40,53,0,428,477,477,508,900,905,1075,1075,1075,742,832,854]} 1. Nf3 Nf6 2. d4 d6 3. Bg5 Nbd7 4. Nbd2 e5 5. dxe5 dxe5 6. e4 Bc5 7. Be2 O-O 8. O-O h6 9. Bh4 c6 10. c3 Re8 11. b4 Bf8 12. Qc2 Qc7 13. Nc4 Nh5 14. Rfe1 Nf4 15. Bf1 b5 16. Ne3 a5 17. a3 Nb6 18. Bg3 Be6 19. Nd2 Nd7 20. Nb3 Reb8 21. Nxa5 c5 22. Qd2 Rxa5 23. bxa5 Qxa5 24. Nd5 g5 25. Bxf4 exf4 26. Rab1 c4 27. Nb4 Ne5 28. h4 Rd8 29. Qb2 Bc5 30. Red1 Ng4 31. Nc6 Nxf2 32. Rxd8+ Qxd8 33. Nxd8 Nxe4+ 34. Kh2 Bd5 35. Qxb5 g4 36. Qxc5 g3+ 37. Kg1 1-0

[Event "57.SMM Kaltern/Tramin-Gröden"]
[Site "Altes Spital Kaltern"]
[Date "2026.02.07"]
[Round "7.5"]
[White "Moroder, Thomas"]
[Black "Maier, Fridolin"]
[Result "0-1"]
[WhiteElo "2045"]
[BlackElo "1905"]
[PlyCount "50"]
[EventDate "2026.??.??"]

{[%evp 0,50,19,31,31,25,25,-10,-10,-10,32,-4,36,-95,-70,-82,-24,-59,-5,-32,-32,-15,-12,-15,-84,-137,-127,-128,-144,-130,-134,-139,-119,-165,-129,-153,-159,-208,-153,-153,-164,-300,-300,-1234,-1311,-1346,-1346,-1346,-29992,-29993,-29994,-29995,-29996]} 1. e4 e5 2. Nf3 Nc6 3. d4 exd4 4. Nxd4 Nf6 5. Nxc6 dxc6 6. Bd3 Bc5 7. h3 Be6 8. Qe2 Qd7 9. Bg5 O-O-O 10. Nc3 Bd4 11. O-O Bxh3 12. Qf3 Bg4 13. Qg3 Nh5 14. Qh2 f6 15. Bd2 Be5 16. f4 Bd4+ 17. Kh1 g5 18. g3 gxf4 19. gxf4 Rhg8 20. Qh4 Qg7 21. Kh2 Be6 22. Rf2 Bxf2 23. Qxf2 Qg4 24. f5 Nf4 25. Kh1 Qh3+ 0-1

[Event "57.SMM Kaltern/Tramin-Gröden"]
[Site "?"]
[Date "2026.02.07"]
[Round "7.6"]
[White "Bertagnolli, Gerhard"]
[Black "Bernardi, Ruben"]
[Result "1/2-1/2"]
[WhiteElo "1940"]
[BlackElo "2028"]
[PlyCount "137"]
[EventDate "2024.??.??"]

1. d4 Nf6 2. c4 e6 3. Nc3 Bb4 4. Bd2 O-O 5. Nf3 c5 6. e3 d6 7. Be2 Nc6 8. O-O e5 9. Nd5 Bxd2 10. Qxd2 e4 11. Ne1 cxd4 12. exd4 Nxd5 13. cxd5 Ne7 14. Bc4 Ng6 15. f4 f5 16. Nc2 Qf6 17. Rac1 Bd7 18. g3 b5 19. Bb3 a5 20. a3 Rfc8 21. Ne3 Qd8 22. Rxc8 Rxc8 23. Rc1 Rxc1+ 24. Qxc1 Qb6 25. Qd2 Ne7 26. Kf2 g6 27. Qc3 Kg7 28. h3 Ng8 29. Qd2 Nf6 30. Kg2 h5 31. h4 Be8 32. Kf1 Bd7 33. Kg2 Kf7 34. Kf1 Ke7 35. Ke1 Be8 36. Kd1 Kd8 37. Ke1 Bf7 38. Kd1 a4 39. Ba2 Kd7 40. Qc3 Bg8 41. Kd2 Qb7 42. Qa5 Nxd5 43. Bxd5 Bxd5 44. Qc3 Bb3 45. Ke1 Qb8 46. Kd2 Qg8 47. Qa5 Qb8 48. Qc3 Qb6 49. Ke1 d5 50. Kd2 Bc4 51. Ke1 Ke6 52. Kd2 Qc7 53. Ng2 Kd6 54. Qb4+ Kd7 55. Qc3 Qd6 56. Ke1 Kc6 57. Qa5 Kb7 58. Qb4 Qb6 59. Qc3 Ka6 60. Ne3 Kb7 61. Ng2 Ka6 62. Ne3 Qd6 63. Qb4 Qb6 64. Qc3 b4 65. axb4 Qb5 66. Kd2 Kb7 67. Ke1 Bb3 68. Qc5 Qd3 69. Qe7+ 1/2-1/2

[Event "57.SMM CSK Merania-Brixen/Milland"]
[Site "?"]
[Date "2026.02.07"]
[Round "7.1"]
[White "Brenninger, Daniel"]
[Black "Bonagura, Stefano"]
[Result "1/2-1/2"]
[WhiteElo "2092"]
[BlackElo "2160"]
[PlyCount "36"]
[EventDate "2026.??.??"]
[SourceVersionDate "2024.11.03"]

{[%evp 0,36,23,10,84,83,84,37,32,20,29,38,17,-1,-1,-27,-30,-29,-28,-29,-29,-41,-19,-17,-17,-13,-21,-49,-49,-51,-38,-50,-33,-31,-36,-47,-19,-18,-2]} 1. e4 g6 2. d4 Bg7 3. c4 Nc6 4. Be3 e5 5. d5 Nd4 6. Nc3 c5 7. dxc6 dxc6 8. Nf3 Bg4 9. Be2 Bxf3 10. Bxf3 Ne7 11. O-O O-O 12. g3 Qc7 13. Bxd4 exd4 14. Ne2 Rad8 15. Qd3 Rfe8 16. Bg2 Qb6 17. Rab1 a5 18. b3 Qc5 1/2-1/2

[Event "57.SMM CSK Merania-Brixen/Milland"]
[Site "?"]
[Date "2026.02.07"]
[Round "7.2"]
[White "Lami, Damiano"]
[Black "Zuna, Lavdosh"]
[Result "1-0"]
[WhiteElo "2093"]
[BlackElo "1937"]
[PlyCount "72"]
[EventDate "2026.??.??"]
[SourceVersionDate "2024.11.03"]

{[%evp 0,72,23,19,79,72,84,90,81,30,34,33,20,20,40,40,75,68,82,79,145,142,139,136,155,95,110,110,125,124,139,135,121,119,120,121,142,127,145,148,147,150,154,150,173,177,164,164,168,135,133,95,77,84,151,164,164,168,170,175,160,169,227,253,257,257,247,247,281,275,262,287,664,706,29991]} 1. e4 d6 2. d4 g6 3. Nf3 Bg7 4. c4 Nc6 5. h3 e5 6. Bg5 Bf6 7. Bxf6 Qxf6 8. Nc3 Nge7 9. d5 Nd4 10. Nxd4 exd4 11. Nb5 O-O 12. Qxd4 Qxd4 13. Nxd4 a6 14. f4 Re8 15. O-O-O Bd7 16. Bd3 c5 17. Nf3 b5 18. Rhe1 bxc4 19. Bxc4 Bb5 20. Nd2 Nc8 21. e5 Nb6 22. Bxb5 axb5 23. Ne4 Red8 24. e6 Nc8 25. Nf6+ Kg7 26. exf7 Kxf7 27. Nxh7 Rxa2 28. Ng5+ Kf6 29. Kb1 Ra4 30. g4 Rd7 31. Re6+ Kg7 32. f5 gxf5 33. gxf5 Rda7 34. f6+ Kf8 35. f7 Ra1+ 36. Kc2 Rxd1 1-0

[Event "57.SMM CSK Merania-Brixen/Milland"]
[Site "?"]
[Date "2026.02.07"]
[Round "7.4"]
[White "Wieser, Christoph"]
[Black "Thaler, Johann"]
[Result "1-0"]
[WhiteElo "1882"]
[BlackElo "1508"]
[PlyCount "33"]
[EventDate "2026.??.??"]
[SourceVersionDate "2024.11.03"]

{[%evp 0,33,30,20,84,79,104,89,104,92,113,94,146,201,215,168,264,264,451,376,374,367,365,357,378,276,427,321,379,403,472,427,556,318,29999,-30000]} 1. e4 d6 2. Nc3 f6 3. f4 g6 4. Nf3 Bg7 5. d4 h5 6. Nh4 Kf7 7. Be2 e6 8. f5 exf5 9. Bc4+ Be6 10. Bxe6+ Kxe6 11. Nxg6 Rh7 12. exf5+ Kf7 13. Nd5 c6 14. Ndf4 Nd7 15. O-O Ne7 16. Qe1 Nxf5 17. Qe6# 1-0

[Event "57.SMM CSK Merania-Brixen/Milland"]
[Site "?"]
[Date "2026.02.07"]
[Round "7.5"]
[White "Pliger, Noah"]
[Black "Battiston, Claudio"]
[Result "0-1"]
[WhiteElo "1638"]
[BlackElo "1878"]
[PlyCount "97"]
[EventDate "2026.??.??"]
[SourceVersionDate "2024.11.03"]

{[%evp 0,97,20,22,22,10,19,15,5,11,19,19,18,9,21,21,22,-6,16,6,8,-4,1,-16,13,7,7,1,23,0,12,-16,-12,-277,-294,-318,-311,-311,-305,-314,-230,-304,-235,-292,-270,-275,-255,-264,-245,-275,-275,-276,-277,-256,-279,-298,-313,-318,-233,-283,-249,-246,-224,-234,-234,-231,-220,-239,-205,-267,-269,-269,-267,-282,-282,-287,-286,-301,-289,-397,-304,-302,-323,-471,-315,-324,-312,-347,-371,-347,-359,-359,-382,-387,-317,-326,-330,-340,-300,-974]} 1. e4 e5 2. Nf3 Nc6 3. Bc4 Nf6 4. d3 Be7 5. Nc3 d6 6. h3 O-O 7. O-O Be6 8. Nd5 Na5 9. Nxe7+ Qxe7 10. Bxe6 fxe6 11. Bg5 Qd7 12. Qd2 Nc6 13. c3 Rae8 14. Rad1 h6 15. Bh4 Nh5 16. Nxe5 Nxe5 17. Qe2 Nf4 18. Qe3 b6 19. Bg3 Qf7 20. Bh2 Qf6 21. a3 Qh4 22. Bxf4 Qxf4 23. Qe2 Rf6 24. b4 Rg6 25. Kh1 Rf8 26. d4 Nd7 27. f3 Nf6 28. g4 Qg3 29. Qg2 Qxg2+ 30. Kxg2 h5 31. Kh2 hxg4 32. hxg4 Kf7 33. Kg2 Rh8 34. Kf2 Rgh6 35. Ke3 g5 36. c4 Rh3 37. Rg1 Rh2 38. e5 Nd7 39. Ke4 Re2+ 40. Kd3 Ra2 41. exd6 cxd6 42. Ra1 Rhh2 43. Kc3 Rxa1 44. Rxa1 Rf2 45. Rh1 Rxf3+ 46. Kb2 Rf6 47. Rh7+ Ke8 48. Rh8+ Nf8 49. Rh6 0-1

[Event "57.SMM CSK Merania-Brixen/Milland"]
[Site "?"]
[Date "2026.02.07"]
[Round "7.6"]
[White "Wieser, Josef"]
[Black "Gamper, Moritz"]
[Result "1-0"]
[WhiteElo "1882"]
[BlackElo "1570"]
[PlyCount "35"]
[EventDate "2026.??.??"]
[SourceVersionDate "2024.11.03"]

{[%evp 0,35,22,10,45,74,57,13,24,27,28,10,4,1,9,17,5,-14,-21,-26,47,0,68,18,24,25,94,76,78,81,462,465,461,459,543,428,29997,29998]} 1. e4 c6 2. d4 d5 3. f3 e5 4. Nc3 dxe4 5. dxe5 Qxd1+ 6. Kxd1 exf3 7. Nxf3 Bg4 8. Bc4 Nd7 9. Bf4 O-O-O 10. Ke1 Bxf3 11. gxf3 f6 12. e6 Re8 13. Rd1 Nc5 14. Kf2 Nxe6 15. Rhe1 Bc5+ 16. Kf1 g5 17. Rxe6 Nh6 18. Rxc6+ 1-0

[Event "57.SMM Deutschnofen/Alp-Steinegg/Rk"]
[Site "?"]
[Date "2026.02.07"]
[Round "7.1"]
[White "Engl, Stefan"]
[Black "Lain, Luigi"]
[Result "0-1"]
[WhiteElo "2022"]
[BlackElo "2270"]
[PlyCount "56"]
[EventDate "2025.11.08"]

{[%evp 0,56,19,31,34,42,20,13,13,-36,5,7,25,8,-6,6,1,1,-16,-3,0,-7,13,-37,-11,-11,-16,-13,-14,-19,-33,-37,-32,-85,-109,-76,-96,-193,-204,-235,-213,-195,-221,-211,-221,-228,-256,-258,-238,-264,-234,-296,-317,-452,-288,-428,-286,-314,-223]} 1. e4 e5 2. Nf3 Nc6 3. d4 exd4 4. Bc4 Bc5 5. c3 Nf6 6. e5 d5 7. Bb5 Ne4 8. cxd4 Bb6 9. Nc3 O-O 10. Be3 Bg4 11. Qc2 Bxf3 12. Bxc6 bxc6 13. gxf3 Ng5 14. Qf5 Ne6 15. O-O-O Qe7 16. Qg4 f5 17. exf6 Rxf6 18. Rhg1 Rg6 19. Qh5 Rxg1 20. Rxg1 Bxd4 21. Bxd4 Nxd4 22. Qg4 Qf6 23. Rd1 Nxf3 24. Qd7 Qd6 25. Qh3 Rf8 26. Ne2 Qf6 27. Qd7 Qg5+ 28. Kb1 Qf5+ 0-1

[Event "57.SMM Deutschnofen/Alp-Steinegg/Rk"]
[Site "?"]
[Date "2026.02.07"]
[Round "7.2"]
[White "Gennari, Jacopo"]
[Black "Lantschner, Carmen"]
[Result "1-0"]
[WhiteElo "2128"]
[BlackElo "1833"]
[PlyCount "61"]
[EventDate "2025.11.08"]

{[%evp 0,61,34,25,78,42,73,32,32,1,1,11,35,18,57,38,39,35,34,32,44,9,18,18,18,4,29,3,20,5,29,-23,6,-41,-1,-48,-32,-36,24,3,129,37,93,71,187,223,277,288,359,355,453,444,446,449,410,429,498,471,493,470,748,884,910,910]} 1. d4 d6 2. Nf3 g6 3. c4 Nf6 4. g3 Bg7 5. Bg2 c5 6. O-O cxd4 7. Nxd4 Qc7 8. Nb5 Qd8 9. N1c3 O-O 10. b3 Nc6 11. Bb2 Bd7 12. Qd2 a6 13. Na3 Qc8 14. Rfd1 Bh3 15. Bh1 Qf5 16. e4 Qh5 17. Nc2 Bg4 18. Re1 Bh6 19. f4 Ne5 20. Nd4 Rad8 21. Nd5 Nxd5 22. exd5 Rfe8 23. Qc3 Nd7 24. Ne6 Nf6 25. Nxd8 Rxd8 26. Rxe7 Bg7 27. Rae1 Bc8 28. Bf3 Qf5 29. Qd4 Qc2 30. R7e2 Qf5 31. g4 1-0

[Event "57.SMM Deutschnofen/Alp-Steinegg/Rk"]
[Site "?"]
[Date "2026.02.07"]
[Round "7.3"]
[White "Psenner, Matthias"]
[Black "Thurner, Markus"]
[Result "0-1"]
[WhiteElo "1732"]
[BlackElo "1958"]
[PlyCount "65"]
[EventDate "2025.11.08"]

{[%evp 0,65,36,31,59,54,74,51,51,21,21,14,47,47,48,25,-1,-7,0,1,2,-18,-13,-8,-4,-4,-16,-17,-10,-10,7,3,20,-4,39,4,6,-16,6,-14,20,33,73,66,62,73,72,58,65,20,65,27,25,20,0,19,16,8,20,0,20,-114,-103,-291,-345,-328,-259,-590]} 1. e4 c6 2. d4 d5 3. exd5 cxd5 4. c4 Nf6 5. Nc3 g6 6. Nf3 Bg7 7. Qb3 dxc4 8. Bxc4 O-O 9. Ne5 e6 10. Be3 Nc6 11. Nxc6 bxc6 12. O-O Qc7 13. Be2 Rb8 14. Qc2 Rd8 15. Rfd1 Rb7 16. Rac1 Bd7 17. g3 Nd5 18. Bg5 Re8 19. Na4 Rb4 20. Bc4 Nb6 21. Nxb6 Rxb6 22. Bf4 Qd8 23. b3 Bc8 24. Bd2 Rb8 25. Bc3 Qb6 26. Bf1 Bb7 27. Bg2 Red8 28. Qd2 Qb5 29. Bf1 Qf5 30. Bb2 c5 31. Qe3 cxd4 32. Qd3 Be4 33. Qe2 0-1

[Event "57.SMM Deutschnofen/Alp-Steinegg/Rk"]
[Site "?"]
[Date "2026.02.07"]
[Round "7.4"]
[White "Brotto, Alessandro"]
[Black "Schroffenegger, Simon"]
[Result "1-0"]
[WhiteElo "2066"]
[BlackElo "1715"]
[PlyCount "47"]
[EventDate "2025.11.08"]

{[%evp 0,47,31,20,20,13,25,4,25,23,46,46,60,78,93,77,118,84,91,82,89,80,53,52,42,42,85,78,79,106,222,221,295,303,333,348,29989,502,29995,1188,1301,885,29989,844,29993,29990,29993,29994,29995,29996]} 1. e4 e5 2. Nf3 Nf6 3. Nxe5 Qe7 4. Nf3 Qxe4+ 5. Be2 Be7 6. O-O O-O 7. d4 b6 8. Re1 Qb7 9. Ne5 c6 10. Bf3 d5 11. Bg5 Be6 12. a3 Nbd7 13. Nxf7 Kxf7 14. Qe2 Ne4 15. Bxe4 Bxg5 16. Qh5+ Kf6 17. Bxh7 Bf5 18. f4 Bxh7 19. fxg5+ Kf5 20. Qxh7+ Kf4 21. Nd2 Rh8 22. g3+ Kxg5 23. Qxg7+ Kf5 24. Re2 1-0

[Event "57.SMM Deutschnofen/Alp-Steinegg/Rk"]
[Site "?"]
[Date "2026.02.07"]
[Round "7.5"]
[White "Lantschner, Arnold"]
[Black "Gibitz, Othmar"]
[Result "1/2-1/2"]
[WhiteElo "1561"]
[BlackElo "1727"]
[PlyCount "41"]
[EventDate "2025.11.08"]

{[%evp 0,41,20,25,19,8,8,-4,51,18,18,19,25,5,22,27,19,41,31,35,42,21,21,-7,14,9,30,15,13,8,8,3,3,-17,3,-32,-22,-29,-19,-14,-18,-27,-17,-31]} 1. e4 e5 2. Bc4 Nf6 3. d3 h6 4. Nc3 Nc6 5. Nf3 d6 6. h3 a6 7. Be3 Na5 8. Bb3 Nxb3 9. axb3 Be7 10. O-O O-O 11. Qd2 c6 12. Ne2 Nh7 13. Ng3 f5 14. exf5 Bxf5 15. Nxf5 Rxf5 16. Nh2 Bg5 17. f4 exf4 18. Bxf4 Bxf4 19. Rxf4 Qg5 20. Raf1 Raf8 21. h4 1/2-1/2

[Event "57.SMM Deutschnofen/Alp-Steinegg/Rk"]
[Site "?"]
[Date "2026.02.07"]
[Round "7.6"]
[White "Welsch, Ulrich"]
[Black "Schroffenegger, Franz"]
[Result "1-0"]
[WhiteElo "1859"]
[BlackElo "1509"]
[PlyCount "61"]
[EventDate "2025.11.08"]

{[%evp 0,61,25,23,31,28,15,13,9,9,7,19,19,-5,36,7,83,71,72,12,215,214,209,199,307,300,310,308,359,373,373,349,655,672,687,681,686,672,668,683,692,694,737,708,800,784,845,839,922,886,890,826,839,826,826,847,1302,1327,1327,1231,1256,1009,1261,1531]} 1. d4 e6 2. Nf3 d5 3. g3 Nc6 4. Bg2 Nf6 5. O-O Bd6 6. c4 b6 7. Nbd2 Ba6 8. Qa4 Bb7 9. cxd5 Nxd5 10. e4 Nde7 11. d5 Qd7 12. dxc6 Bxc6 13. Qc2 Ng6 14. Rd1 O-O 15. Nc4 Qe7 16. Nxd6 cxd6 17. Qxc6 Rfd8 18. Bg5 f6 19. Bd2 Rac8 20. Qa4 h6 21. Rac1 a5 22. Be3 Qb7 23. Nd4 e5 24. Qb3+ Kh7 25. Nf5 Rxc1 26. Rxc1 b5 27. Qc3 Qa6 28. Qc7 Rg8 29. Rc6 Qa8 30. Rxd6 Qf8 31. Rd7 1-0

[Event "57.SMM ASD Arci BZ 1-J.Richter/Lask BZ"]
[Site "Bolzano"]
[Date "2026.02.07"]
[Round "7.1"]
[White "De Eccher, Stefano"]
[Black "Seresin, Francesco"]
[Result "0-1"]
[WhiteElo "2170"]
[BlackElo "2309"]
[PlyCount "80"]
[EventDate "2026.02.07"]

{[%evp 0,80,16,25,52,20,18,18,27,-30,-30,-29,53,11,0,-10,-13,-10,-8,-10,-10,-15,-10,-4,28,36,36,43,35,-23,-43,-37,-37,-31,3,8,-7,-61,-24,-15,33,-25,44,-11,-7,-11,-5,0,0,0,-8,-43,-18,-2,0,0,-2,-15,-13,0,0,-2,0,-22,-15,-11,-15,-36,-76,-72,-95,-96,-64,-88,-84,-121,-128,-166,-165,-163,-206,-208,-110]} 1. e4 c5 2. c4 Nc6 3. Nc3 g6 4. g3 Bg7 5. Bg2 e6 6. Nge2 Nge7 7. O-O O-O 8. d3 b6 9. Rb1 Bb7 10. a3 Nd4 11. b4 cxb4 12. axb4 Nxe2+ 13. Nxe2 f5 14. exf5 Bxg2 15. Kxg2 Nxf5 16. Bb2 Qg5 17. Bxg7 Kxg7 18. Qc1 Qg4 19. Ng1 Kg8 20. Nf3 Nd4 21. Nxd4 Qxd4 22. Qe3 Qxe3 23. fxe3 a5 24. Rxf8+ Kxf8 25. bxa5 bxa5 26. Kf3 Ke7 27. Ke4 Kd6 28. d4 a4 29. Ra1 a3 30. Ra2 e5 31. Kd3 exd4 32. exd4 Kc6 33. Kc3 d5 34. Kb4 dxc4 35. Kxc4 Kd6 36. d5 g5 37. h3 h5 38. Kb3 Kxd5 39. Rd2+ Ke4 40. Ka2 Ra5 0-1

[Event "57.SMM ASD Arci BZ 1-J.Richter/Lask BZ"]
[Site "Bolzano"]
[Date "2026.02.07"]
[Round "7.2"]
[White "Olivetti, Davide"]
[Black "Unterweger, Jonas"]
[Result "1-0"]
[WhiteElo "2221"]
[BlackElo "2037"]
[PlyCount "151"]
[EventDate "2026.02.07"]

{[%evp 0,94,28,25,33,46,89,74,78,42,32,34,64,45,68,19,20,45,40,2,2,22,27,-11,-19,-38,-22,-123,-86,-86,-86,-62,15,-12,23,23,112,153,242,223,249,249,249,260,567,500,292,235,235,192,165,156,164,148,170,215,222,51,52,55,55,47,57,63,71,66,77,53,53,41,42,53,58,46,46,48,67,71,101,79,90,51,90,89,103,97,110,73,73,76,83,77,89,80,86,91,96]} 1. e4 c5 2. Nf3 d6 3. d4 cxd4 4. Nxd4 Nf6 5. Nc3 a6 6. Bg5 e6 7. f4 Nbd7 8. Qf3 Qc7 9. O-O-O b5 10. Bd3 Be7 11. Rhe1 Bb7 12. Qh3 h6 13. e5 dxe5 14. Nxe6 fxe6 15. Bg6+ Kd8 16. fxe5 Nd5 17. Bxe7+ Nxe7 18. Qxe6 b4 19. Ne4 Nxg6 20. Qxg6 Qxe5 21. Nd6 Qf4+ 22. Kb1 Bc6 23. Nf7+ Kc7 24. Nxh8 Rxh8 25. Qxg7 Rd8 26. Rd4 Qf2 27. Red1 Qf8 28. Qxf8 Rxf8 29. Rxb4 Bxg2 30. Rh4 Rf6 31. b3 Ne5 32. Rg1 Bf3 33. Rg7+ Kc6 34. Ra7 Kb6 35. Re7 Nc6 36. Re3 Bd5 37. Kb2 Bf7 38. Ree4 Be6 39. a3 a5 40. Re3 Bf7 41. Ree4 Be6 42. Ref4 Rg6 43. Rh5 Bg4 44. Rd5 Be6 45. Rd2 h5 46. Rdf2 Rg5 47. Rf6 Re5 48. Rg6 h4 49. Rff6 Bd7 50. Rd6 Kc7 51. Rd3 Ne7 52. Rc3+ Nc6 53. Rg7 Re4 54. Rh7 Kc8 55. h3 Kd8 56. a4 Ne5 57. Rc5 Bxh3 58. Rxa5 Bd7 59. Ra7 Rd4 60. Kc3 Nc6 61. b4 Rd1 62. Ra8+ Kc7 63. Rxh4 Ra1 64. b5 Ne7 65. Ra7+ Kd6 66. Rd4+ Nd5+ 67. Rxd5+ Kxd5 68. Rxd7+ Kc5 69. Rc7+ Kb6 70. Rc6+ Kb7 71. Kb4 Rh1 72. c4 Rb1+ 73. Ka5 Ra1 74. Rg6 Ra2 75. Rg7+ Kb8 76. c5 1-0

[Event "57.SMM ASD Arci BZ 1-J.Richter/Lask BZ"]
[Site "Bolzano"]
[Date "2026.02.07"]
[Round "7.3"]
[White "Bevilacqua, Maurizio"]
[Black "Perino, Alberto"]
[Result "0-1"]
[WhiteElo "2022"]
[BlackElo "2065"]
[PlyCount "114"]
[EventDate "2026.02.07"]

{[%evp 0,114,19,12,16,-3,-2,-3,-3,-29,9,-15,0,-6,-6,11,11,3,4,-1,-1,-1,7,-15,21,5,28,40,73,53,47,23,17,22,22,22,40,8,25,14,20,4,-4,-10,-10,-11,26,26,27,28,19,25,34,39,58,74,73,74,104,33,33,24,33,47,24,60,54,48,57,66,64,51,49,46,53,48,55,55,47,56,45,58,62,55,57,-54,58,58,38,36,61,61,58,78,94,0,70,19,0,0,0,-56,-56,-65,-113,-234,-234,-227,-232,-226,-226,-230,-239,-538,-527,-527,-570]} 1. Nf3 Nf6 2. b3 g6 3. Bb2 Bg7 4. c4 c5 5. e3 O-O 6. Be2 Nc6 7. O-O d5 8. cxd5 Nxd5 9. Bxg7 Kxg7 10. Qc1 Qa5 11. Qb2+ Kg8 12. Na3 Ndb4 13. Nc4 Qd8 14. a3 Nd5 15. Rfd1 Bg4 16. h3 Bxf3 17. Bxf3 Rc8 18. Rac1 e6 19. d3 b6 20. g3 Qe7 21. h4 Rfd8 22. Kg2 Qf6 23. Qxf6 Nxf6 24. Bxc6 Rxc6 25. Ne5 Rcd6 26. b4 cxb4 27. axb4 Rd5 28. d4 Rb5 29. Re1 Nd5 30. Ra1 Ra8 31. Nc6 Nxb4 32. Rxa7 Rxa7 33. Nxa7 Ra5 34. Nc8 b5 35. Nd6 Na2 36. Rb1 b4 37. Rb2 Kf8 38. Nc4 Ra4 39. Ne5 Ke7 40. Kf3 f6 41. Nd3 Kd6 42. e4 e5 43. dxe5+ fxe5 44. Ke3 Ra3 45. Kd2 b3 46. f3 Kc6 47. Nxe5+ Kb5 48. f4 Kb4 49. Kd3 Ra6 50. Nc4 Nc1+ 51. Kd4 Rc6 52. Ne3 Ka3 53. Rd2 b2 54. Rxb2 Kxb2 55. Nc4+ Kc2 56. e5 Nb3+ 57. Kd5 Rc5+ 0-1

[Event "57.SMM ASD Arci BZ 1-J.Richter/Lask BZ"]
[Site "Bolzano"]
[Date "2026.02.07"]
[Round "7.4"]
[White "Zammarchi, Massimo"]
[Black "Billio, Atto"]
[Result "0-1"]
[WhiteElo "1993"]
[BlackElo "2029"]
[PlyCount "56"]
[EventDate "2026.02.07"]

{[%evp 0,56,16,25,48,50,95,41,41,28,11,58,25,1,6,-9,8,8,10,10,8,0,-1,-14,20,-32,-33,-33,-11,9,19,16,27,16,7,8,8,8,9,-6,9,-4,6,-4,-5,-49,-30,-63,-54,-79,-79,-81,-95,-72,-106,-195,-206,-442,-439]} 1. e4 c5 2. Nf3 g6 3. c3 d5 4. exd5 Qxd5 5. d4 Bg7 6. Bb5+ Bd7 7. Bxd7+ Nxd7 8. O-O Ngf6 9. Re1 e6 10. Be3 Ng4 11. Na3 O-O 12. h3 Nxe3 13. fxe3 cxd4 14. exd4 b5 15. Nc2 Nb6 16. Ne3 Qd6 17. Qd3 a6 18. Rad1 Rac8 19. b3 Nd5 20. c4 Nxe3 21. Rxe3 Qa3 22. c5 Qxa2 23. Qc3 Rfd8 24. Ra1 b4 25. Qc1 Rxc5 26. Qe1 Qc2 27. dxc5 Bxa1 28. Qxa1 Rd1+ 0-1